00553cam a22002171 4500001000800000005001700008008004100025010001700066040001800083041000800101080000800109082001200117100000700129101000800136245007600144350001000220504003100230906004500261942001200306999001700318407081220180205075831.0690303s1969 nju b 100 0 eng  a 69015233  aDLCcDLCdDLC aeng a65800a658 DRU a54 aLID00aPreparing tomorrow's business leaders today.cPeter F. Drucker, editor. a10.00 aBibliographical footnotes. a7bcbccorignewduencipf19gy-gencatlg 2ddccBK c41798d41798